Word Ladder: Anagrams II Quiz Stats

 Plays Quiz Updated Apr 26, 2012

Support Sporcle.
Go Orange.
Score 0/37 Timer 03:00
1 Play Today
Clue Answer % Correct
UntruthsLIES
94.5%
Part of a cameraLENS
94.4%
• Be alive ••LIVE•
90.3%
Sixty-three ÷ sevenNINE
89.2%
What's My ____?, (game show)LINE
87.1%
'____ la France!'VIVE
86.3%
Actors Marvin or MajorsLEES
85.8%
Back of the footHEEL
84.3%
• Part of a wedding dress ••VEIL•
83.6%
'__ __ Valentine' (words on candy)BE MY
83.6%
Blood vesselVEIN
82.5%
Word used to salute HitlerHEIL
81.4%
You're so ____,
you probably think this quiz is about you
VAIN
80.3%
HeapPILE
80%
Nevada gambling townRENO
77.5%
Depend (on)RELY
76.3%
Medication form, typicallyPILL
75.3%
• Contemptible and disgraceful ••VILE•
74%
Device attached to a fishing rodREEL
73.5%
Clue Answer % Correct
Protagonist of 'Ratatouille'REMY
70.8%
One of the Great LakesERIE
68.3%
Move, in real estate lingoRELO
64.6%
Cheese on a mousetrap e.g.BAIT
62.7%
Soft cheeseBRIE
62%
Philosopher DescartesRENE
61%
Impose a taxLEVY
59.8%
• One of the 12 sons of Jacob ••LEVI•
56.9%
Barbara of TV's 'Mission: Impossible'BAIN
56.6%
Hawaii's state birdNENE
56.1%
Group of birdsBEVY
54.4%
• Actor Schreiber ••LIEV•
52.7%
Director RiefenstahlLENI
51.9%
Subject of Queen Elizabeth IIBRIT
51.2%
Small brookRILL
44.5%
Cambodian currencyRIEL
41.8%
• Like Freddy Krueger and Hannibal Lecter ••EVIL•
37%
'60s singer Sands or a role in 'Howard's End'EVIE
30.6%

Today's Daily Dose

Word Ladder
ING Words

Get the Picture
Nearest Volcano

From the Vault

Which Happened First? (US Civil War)

by jar514

History 5m
After this, you'll be able to make a timeline that would make any history teacher proud.
Remove Ads.
Support Sporcle.
Get the best of Sporcle when you Go Orange. This ad-free experience offers more features, more stats, and more fun while also helping to support Sporcle. Thank you for becoming a member.

Show Comments

Extras

Top Quizzes Today


Score Distribution

Your Account Isn't Verified!

In order to create a playlist on Sporcle, you need to verify the email address you used during registration. Go to your Sporcle Settings to finish the process.

Report this User

Report this user for behavior that violates our Community Guidelines.

Details: